| Registos Bibliográficos associados ao registo de autoridade |
|
Etiqueta de registo: 01306cas 2200397 450 001 1047211 003 http://id.bnportugal.gov.pt/bib/catbnp/1047211 005 20020221151500.0 021 ## $aPT$b144227/99 100 ## $a20011022a19959999m y1pory0103 ba 101 0# $apor 102 ## $aPT 106 ## $ar 110 ## $aakazz 0xx0 200 1# $aPrograma nacional de bolsas de investigação para jovens historiadores e antropólogos$fFundação da Juventude 207 #0 $a1ª ed. (1994/1995)- 210 #9 $aPorto$cF.J.,$d1995- 215 ## $d30 cm 304 ## $aA 1ª ed. saíu com o titulo: Bolsas de investigação para jovens historiadores e antropólogos 517 1# $aBolsas de investigação para jovens historiadores e antropólogos 620 ## $dPorto 675 ## $a39(05)$vBN$zpor$3290648 675 ## $a93(05)$vBN$zpor$3346971 712 02 $aFundação da Juventude$4650$3189243 966 ## $lBN$mFGREV$sP.P. 25650 V.$x1 966 ## $lBN$mFGREV$sP.P. 25651 V.$x3
Etiqueta de registo: 00844ckm 02200241 04500 001 1076043 003 http://id.bnportugal.gov.pt/bib/catbnp/1076043 005 20020308145000.0 100 ## $a20020308d1996 am y0pory0103 ba 101 0# $apor 102 ## $aPT 200 1# $aFotografia ambiental$bVisual gráfico]$eexposição, concurso$forg. Fundação da Juventude$gdesign Rui Guimarães 210 #9 $aPorto$cF.J.,$d1996 215 ## $a1 cartaz$ccolor.$d62x48 cm 675 ## $a77(084.5)$vBN$zpor$3292951 675 ## $a061.4(469.121)"1996"(084.5)$vBN$zpor$3650590 675 ## $a766(=1:469)"199"(084.5)$vBN$zpor$3589138 702 #1 $aGuimarães,$bRui,$f1963-$4410$3285543 710 02 $aFundação da Juventude$3189243 856 40 $uhttps://purl.pt/19956 856 41 $uhttps://purl.pt/19956/service/media/cover/low 958 ## $aBND$bInterno$cDigitalizado 966 ## $lBN$mICONOG$sCT. 9100 A.$x3
Etiqueta de registo: 00784ckm 2200217 450 001 1157197 003 http://id.bnportugal.gov.pt/bib/catbnp/1157197 100 ## $a20030624d2001 k y0pory0103 ba 101 0# $apor 102 ## $aPT 200 1# $aConcurso nacional de design$bVisual gráfico]$eem português$emobiliário de escritório porcelana$forg. e promoção da Fundação da Juventude 210 #9 $a[Lisboa]$cF.J.,$d[ca 2001] 215 ## $a1 cartaz$ccolor.$d62x48 cm 675 ## $a7.05(084.5)$vBN$zpor$3597618 675 ## $a766(=1:469)"200"(084.5)$vBN$zpor$3972418 710 02 $aFundação da Juventude$3189243 801 #0 $aPT$bBN$gRPC 856 40 $uhttps://purl.pt/20244 856 41 $uhttps://purl.pt/20244/service/media/cover/low 958 ## $aBND$bInterno$cDigitalizado 966 ## $lBN$mICONOG$sCT. 9407 A.$x3
Etiqueta de registo: 00254nkm 2200109 450 001 1739971 003 http://id.bnportugal.gov.pt/bib/catbnp/1739971 100 ## $a20100310d2002 am y0pory0103 ba 101 0# $apor 102 ## $aPT 200 1# $a7º Prémio Fidelidade jovens pintores$bVisual gráfico]$emostra o teu talento!$fFidelidade, Fundação da Juventude 210 #9 $a[Lisboa?]$cF.,$d[2002] 215 ## $a1 cartaz$ccolor.$d68x48 cm 306 ## $aData por confronto com obras datadas 675 ## $a766(=1:469)"200"(084.5)$vBN$zpor$3972418 675 ## $a75-053.6(469)"2002"(084.5)$vBN$zpor$31413436 712 12 $aPrémio Fidelidade Jovens Pintores,$d7,$bLisboa,$f2002$31147293 712 02 $aCompanhia de Seguros Fidelidade$4557$36065 712 02 $aFundação da Juventude$4557$3189243 966 ## $lBN$mICONOG$sCT. 11264 A.$x3
Etiqueta de registo: 00230cas 2200025 450 001 1682993 003 http://id.bnportugal.gov.pt/bib/catbnp/1682993 021 ## $aPT$b266825/07 100 ## $a20080530a20079999a y0pory0103 ba 101 0# $apor 102 ## $aPT 106 ## $ar 110 ## $aauuzz 0xx0 200 1# $aFábrica de talentos$erevista da Fundação da Juventude$gdir. Maria Geraldes 207 #0 $aNº 1 (Jul. 2008)- 210 #9 $aPorto$cF.J.,$d2008- 215 ## $d30 cm 620 ## $dPorto 675 ## $a087.5(05)$vBN$zpor$3288171 702 #1 $aGeraldes,$bMaria$4300$3802752 712 02 $aFundação da Juventude$4650$3189243 801 #0 $aPT$bBN$gRPC 966 ## $lBN$mFGREV$sP.P. 28589 V.$x1
Etiqueta de registo: 00991ckm 2200265 450 001 1306715 003 http://id.bnportugal.gov.pt/bib/catbnp/1306715 100 ## $a20041203d2004 am y0pory0103 ba 101 0# $apor 102 ## $aPT 200 1# $a8º Prémio jovens pintores$bVisual gráfico]$fFidelidade, Mundial-Confiança, Fundação da Juventude 210 #9 $a[Lisboa?]$cF.,$d[2004] 215 ## $a1 cartaz$ccolor.$d67x47 cm 306 ## $aData segundo a data da entrada do cartaz na BN 675 ## $a766(=1:469)"200"(084.5)$vBN$zpor$3972418 675 ## $a75-053.6(469)"2004"(084.5)$vBN$zpor$31186115 710 12 $aPrémio Fidelidade Jovens Pintores,$d8,$eLisboa,$f2004$31186109 712 02 $aCompanhia de Seguros Fidelidade$4557$36065 712 02 $aMundial Confiança$4557$3289138 712 02 $aFundação da Juventude$4557$3189243 801 #0 $aPT$bBN$gRPC 856 40 $uhttps://purl.pt/20591 856 41 $uhttps://purl.pt/20591/service/media/cover/low 958 ## $aBND$bInterno$cDigitalizado 966 ## $lBN$mICONOG$sCT. 9776 A.$x3
Etiqueta de registo: 00230nam 2200025 450 001 1363957 003 http://id.bnportugal.gov.pt/bib/catbnp/1363957 010 ## $a972-9044-62-7 021 ## $aPT$b216456/04 100 ## $a20060209d2004 m y0pory0103 ba 101 0# $apor 102 ## $aPT 105 ## $aa i 001yy 106 ## $ar 200 1# $a A inserção profissional dos jovens diplomados no Algarve entre 1999 e 2001$fFundação da Juventude. Delegação do Algarve$gcoord. Maria Geraldes, Paulo Santos 210 #9 $aFaro$cFundação da Juventude,$dD.L. 2004 215 ## $a207 [1] p.$cil.$d30 cm 606 ## $aJovens portugueses licenciados$xInserção profissional$yAlgarve (Portugal)$z1999-2001$x[Relatórios]$2SIPOR$31251792 675 ## $a331.5-057.4(469.6)"1999/2001"(047.3)$vBN$zpor$31244128 675 ## $a378(469.6)(047.3)$vBN$zpor$31244130 675 ## $a316.64-057.4(469.6)"1999/2001"(047.3)$vBN$zpor$31244129 675 ## $a311.3(469.6)"1999/2001"(047.3)$vBN$zpor$31251791 702 #1 $aGeraldes,$bMaria$4340$3802752 702 #1 $97$aSantos,$bPaulo,$f1961-$4340$31226454 710 02 $aFundação da Juventude$3189243 801 #0 $aPT$bBN$gRPC 900 ## $aBIBNAC$d20130602 966 ## $lBN$mFGMON$sS.C. 105403 V.$x1 966 ## $lBN$mFGMON$sS.C. 105403 V.-D $x1
Etiqueta de registo: 00902cam 02200277 04500 001 607322 003 http://id.bnportugal.gov.pt/bib/catbnp/607322 005 19990104000000.0 095 ## $aPTBN00817651 100 ## $a19960624d1996 m y0pory0103 ba 101 0# $apor 102 ## $aPT 105 ## $aa z 101yy 106 ## $ar 200 1# $aMaternidade precoce$eque perguntas, que respostas?$ecomunicações$fdo Encontro Internacional...$gorg. Fundação da Juventude 210 #9 $aPorto$cF.J.,$d[D.L. 1996] 215 ## $a135 p.$cil.$d21 cm 606 ## $2SIPOR$3224633 675 ## $a316.3-053.6-055.52$vBN$zpor$3632598 675 ## $a061.3$vBN$zpor$3292562 710 12 $aEncontro Internacional Maternidade Precoce,$ePorto,$f1994$3221645 712 02 $aFundação da Juventude$4070$3189243 801 #0 $aPT$bBN$gRPC 966 ## $c2$lBN$mFGMON$sS.C. 74941 V.$x1 966 ## $c2$lBN$mFGMON$sS.C. 74941 V.$x1
Etiqueta de registo: 00964cam 02200277 04500 001 560260 003 http://id.bnportugal.gov.pt/bib/catbnp/560260 005 19990103000000.0 095 ## $aPTBN00767425 100 ## $a19950908d1995 k y0pory0103 ba 101 0# $apor 102 ## $aPT 105 ## $ay z 001yy 106 ## $ar 200 1# $aLiberalizar as drogas, sim ou não?$ecomunicações$fEncontro Nacional Liberalizar...$gorg. Fundação da Juventude$gcolab. Fundação Dr. António Cupertino de Miranda 210 #9 $aPorto$cFundação da Juventude,$d[D.L. 1995] 215 ## $a112 p.$d22 cm 675 ## $a613.8$vBN$zpor$3291263 675 ## $a061.3$vBN$zpor$3292562 710 12 $aEncontro Nacional Liberalizar as Drogas - Sim ou Não?$ePorto,$f1994$3193712 712 02 $aFundação da Juventude$4340$3189243 712 02 $aFundação Dr. António Cupertino de Miranda$4070$3195203 801 #0 $aPT$bBN$gRPC 966 ## $c2$lBN$mFGMON$sS.A. 79554 V.$x1 966 ## $c2$lBN$mFGMON$sS.A. 79554 V.$x1 997 ## $aBIBEOD
Etiqueta de registo: 00922cam 02200277 04500 001 1025464 003 http://id.bnportugal.gov.pt/bib/catbnp/1025464 005 20020313121300.0 100 ## $a20000616d1999 m y0pory0103 ba 101 0# $apor$aeng 102 ## $aPT 105 ## $aa z 001yy 106 ## $ar 200 1# $aPortugal Fashion 99$f[org.] Fundação da Juventude, Associação Portuguesa de Têxteis e Vestuário 210 #9 $aPorto$cF.J.$cA.P.T.V.,$d[D.L. 1999] 215 ## $a[60] p.$cmuito il.$d23x34 cm 305 ## $aEd. bilingue em português e inglês 601 02 $aPortugal Fashion$xFotografias$2SIPOR$3911879 675 ## $a025.85$vBN$zpor$3349236 675 ## $a687$vBN$zpor$3289418 675 ## $a061.7$vBN$zpor$3409170 710 02 $aFundação da Juventude$3189243 711 02 $aAssociação Portuguesa de Têxteis e Vestuário$4070$3961038 966 ## $lBN$mFGMON$sB.A. 18380 V.$x1 966 ## $lBN$mFGMON$sB.A. 18380 V.$x1
Etiqueta de registo: 00929cam 2200277 450 001 1000717 003 http://id.bnportugal.gov.pt/bib/catbnp/1000717 005 19991018094300.0 021 ## $aPT$b105216/96 100 ## $a19990826d1998 m y0pory0103 ba 101 0# $apor 102 ## $aPT 105 ## $aa b 000yy 106 ## $ar 200 1# $a5º Prémio Fidelidade Jovens Pintores$forg. José Maria Saldanha da Gama 210 #9 $aLisboa$cFidelidade,$d1998 215 ## $a[60] p.$cil.$d28 cm 606 ## $aPintura portuguesa$zSéc. 20$xExposições$j[Catálogos]$2SIPOR$2SIPOR$3207774 675 ## $a75(=1:469)(083.82)$vBN$zpor$31292422 675 ## $a061.4$vBN$zpor$3288771 702 #1 $aGama,$bJosé Maria Saldanha da,$f1947-$4340$329674 710 12 $aPrémio Fidelidade Jovens Pintores,$d5,$eLisboa,$f1998$31115667 712 02 $aCompanhia de Seguros Fidelidade$4273$36065 712 02 $aFundação da Juventude$4273$3189243 900 ## $aBIBNAC$d20130602 966 ## $lBN$mFGMON$sB.A. 16980 V.$x1 966 ## $lBN$mFGMON$sB.A. 16980 V.$x1
Etiqueta de registo: 00000nkm 2200025 450 001 2257901 003 http://id.bnportugal.gov.pt/bib/catbnp/2257901 100 ## $a20260130d1994 m y0pory01030103ba 101 0# $aeng$afre$apor 102 ## $aPT 200 1# $aEuroconferência, Centro de Congressos da Exponor, [Porto], 20 a 22 de janeiro de 1994$bVisual gráfico]$dEuropean Conference$dConférence Européenne$eciência e tecnologia, a alavanca do novo desenvolvimento europeu$fFundação da Juventude$gdesign Rui Guimarães$zeng$zfre 210 #9 $a[S.l.]$cFundação da Juventude,$d1994 215 ## $a1 cartaz$ccolor.$d67,9x47,9 cm 675 ## $a061.3(469.121)"1994"(084.5)$vBN$zpor$3781323 675 ## $a766(=1:469)"199"(084.5)$vBN$zpor$3589138 702 #1 $aGuimarães,$bRui,$f1963-$4410$3285543 710 02 $aFundação da Juventude$3189243 801 #0 $aPT$bBN$gRPC 966 ## $lBN$mICONOG$sCT. 18903 A.$x3 971 ## $cCaticonografia8$d20260130 972 ## $d20260220$e1$vmferro$z0 995 ## $aPRR2026 $d20260130$iCaticonografia8
Etiqueta de registo: 00000nkm 2200025 450 001 2266544 003 http://id.bnportugal.gov.pt/bib/catbnp/2266544 100 ## $a20260213d1992 m y0pory01030103ba 101 0# $apor 102 ## $aPT 200 1# $aIV Concurso europeu para jovens cientistas 1992, Fundação da Juventude$bVisual gráfico]$fFundação da Juventude$gdesign Rui Guimarães 210 #9 $a[Porto]$cFundação da Juventude,$d1992$e[Maia] :$gA. Moreira & Filhos) 215 ## $a1 cartaz$ccolor.$d68x48,1 cm 317 ## $aColeção Madeira Luís 675 ## $a766(=1:469)"1992"(084.5)$vBN$zpor$31980773 702 #1 $aGuimarães,$bRui,$f1963-$3285543 710 01 $aConcurso Europeu para Jovens Cientistas,$d4,$f1992$31993716 712 02 $aFundação da Juventude$3189243 801 #0 $aPT$bBN$gRPC 966 ## $lBN$mICONOG$sCT. 20968 A.$x3 971 ## $cCaticonografia6$d20260213 995 ## $aPRR2026 $d20260213$iCaticonografia6
Etiqueta de registo: 00000nkm 2200025 450 001 2266476 003 http://id.bnportugal.gov.pt/bib/catbnp/2266476 100 ## $a20260213f1994 m y0pory01030103ba 101 0# $apor 102 ## $aPT 200 1# $aVI concurso europeu para jovens cientistas, V concurso europeu para jovens investigadores
na área do ambiente$bVisual gráfico]$fFundação da Juventude$gdesign Rui Guimarães 210 #9 $a[Lisboa]$cFundação da Juventude,$d[1994]$ePorto :$gOrgal) 215 ## $a1 cartaz$ccolor.$d68,1x48 cm 306 ## $aDatação atribuída em conformidade com o acontecimento anunciado 317 ## $aColeção Madeira Luís 675 ## $a766(=1:469)"199"(084.5)$vBN$zpor$3589138 702 #1 $aGuimarães,$bRui,$f1963-$3285543 710 01 $aConcurso Europeu para Jovens Cientistas,$d6,$f[1994]$31993713 711 01 $aConcurso Europeu para Jovens Investigadores na Área do Ambiente,$d5,$f[1994]$31993714 712 02 $aFundação da Juventude$3189243 801 #0 $aPT$bBN$gRPC 966 ## $lBN$mICONOG$sCT. 20965 A.$x3 971 ## $cCaticonografia6$d20260213 995 ## $aPRR2026 $d20260213$iCaticonografia6
Etiqueta de registo: 00000nkm 2200025 450 001 2271811 003 http://id.bnportugal.gov.pt/bib/catbnp/2271811 100 ## $a20260225d1990 m y0pory01030103ba 101 0# $apor 102 ## $aPT 200 1# $aPrémio Fidelidade Jovens Pintores, Porto, 28 de novembro a 14 de dezembro de 1990$bVisual gráfico]$fFundação da Juventude 210 #9 $aLisboa$cFundação da Juventude,$d1990 215 ## $a1 cartaz$ccolor.$d60,7x43,2 cm 317 ## $aColeção Madeira Luís 675 ## $a766(=1:469)"1908"(084.5)$vBN$zpor$31988919 710 02 $aFundação da Juventude$3189243 801 #0 $aPT$bBN$gRPC 966 ## $lBN$mICONOG$sCT. 22377 A.$x3 971 ## $cCatmusica8$d20260225 972 ## $d20260304 $e0$vmferro$z0 995 ## $aPRR2026 $d20260225$iCatmusica8
Etiqueta de registo: 00000nkm 2200025 450 001 2276667 003 http://id.bnportugal.gov.pt/bib/catbnp/2276667 100 ## $a20260305d1993 m y0pory01030103ba 101 0# $apor 102 ## $aPT 200 1# $aFotografia ambiental$bVisual gráfico]$fFundação da Juventude$gdesign Rui Guimarães 210 #9 $aPorto$cFundação da Juventude,$d1993 215 ## $a1 cartaz$ccolor.$d46,7x66,8 cm 317 ## $aColeção Madeira Luís 702 #1 $aGuimarães,$bRui,$f1963-$4410$3285543 710 02 $aFundação da Juventude$3189243 801 #0 $aPT$bBN$gRPC 966 ## $lBN$mICONOG$sCT. 23579 A.$x3 971 ## $cCaticonografia3$d20260305 995 ## $aPRR2026
Etiqueta de registo: 00000nkm 2200025 450 001 2276129 003 http://id.bnportugal.gov.pt/bib/catbnp/2276129 100 ## $a20260305f1992 m y0pory01030103ba 101 0# $apor 102 ## $aPT 200 1# $aÁrvore a árvore enche a escola o jardim$bVisual gráfico]$fFundação da Juventude$gDesign Rui Guimarães 210 #9 $a[S.l.]$cFundação da Juventude,$d[1992?]$e[S.l.] :$gMultitema) 215 ## $a1 cartaz$ccolor.$d67,5x47,5 cm 306 ## $aDatação atribuída em conformidade com o acontecimento anunciado 317 ## $aColeção Madeira Luís$5PTBN: CT. 23406 A. 317 ## $aColeção Madeira Luís 702 #1 $aGuimarães,$bRui,$f1963-$3285543 710 02 $aFundação da Juventude$3189243 801 #0 $aPT$bBN$gRPC 966 ## $lBN$mICONOG$sCT. 23405 A.$x3 966 ## $lBN$mICONOG$sCT. 23406 A.$x3 971 ## $cCaticonografia9$d20260305 995 ## $aPRR2026
Etiqueta de registo: 00000nkm 2200025 450 001 2277377 003 http://id.bnportugal.gov.pt/bib/catbnp/2277377 100 ## $a20260306d1995 m y0pory01030103ba 101 0# $apor 102 ## $aPT 200 1# $aVII Concurso Europeu para Jovens Cientistas - VI Concurso Europeu para Jovens Investigadores
na Área do Ambiente$bVisual gráfico]$fFundação da Juventude$gDesign: Rui Guimarães 210 #9 $aLisboa$cFundação da Juventude,$d1995 215 ## $a1 cartaz$ccolor.$d67x42cm 317 ## $aColeção Madeira Luís 702 #1 $aGuimarães,$bRui,$f1963-$4410$3285543 710 02 $aConcurso Europeu para Jovens Cientistas,$d7,$f1995$31989693 711 02 $aConcurso Europeu para Jovens Investigadores na Área do Ambiente,$d6,$f1995$31989695 712 02 $aFundação da Juventude$4070$3189243 801 #0 $aPT$bBN$gRPC 966 ## $lBN$mICONOG$sCT. 23839 A.$x3 971 ## $cCaticonografia10$d20260306 995 ## $aPRR2026
Etiqueta de registo: 00000nkm 2200025 450 001 2279525 003 http://id.bnportugal.gov.pt/bib/catbnp/2279525 100 ## $a20260312f1993 m y0pory01030103ba 101 0# $apor 102 ## $aPT 200 1# $aPrograma de Estágios de Jovens Estudantes nas Empresas, Fundação da Juventude$bVisual gráfico]$gdesign Rui Guimarães$fFundação da Juventude 210 #9 $a[Lisboa]$cFundação da Juventude,$d[posterior a 1993] 215 ## $a1 cartaz$ccolor.$d68x48 cm 306 ## $aDatação atribuída em conformidade com o evento anunciado 317 ## $aColeção Madeira Luís 702 #1 $aGuimarães,$bRui,$f1963-$3285543 710 02 $aFundação da Juventude$3189243 712 01 $aInstituto de Apoio às Pequenas e Médias Empresas e ao Investimento$31990919 712 02 $aCaixa Geral de Depósitos$33369 712 01 $aPortugal.$bInstituto do Emprego e Formação Profissional$329156 801 #0 $aPT$bBN$gRPC 966 ## $lBN$mICONOG$sCT. 24331 A.$x3 971 ## $cCaticonografia5$d20260312 995 ## $aPRR2026
Etiqueta de registo: 00000nkm 2200025 450 001 2282164 003 http://id.bnportugal.gov.pt/bib/catbnp/2282164 100 ## $a20260320f1992 m y0pory01030103ba 101 0# $apor 102 ## $aPT 200 1# $aPEJENE, Programas de estágios de jovens estudantes nas empresas$bVisual gráfico]$fFundação da Juventude$gDesign Rui Guimarães 210 #9 $aPorto$cFundação de Juventude,$d[posterior a 1992] 215 ## $a1 cartaz$ccolor.$d64,5x45,5 cm 306 ## $aDatação em conformidade com as designações institucionais 317 ## $aColeção Madeira Luís 702 #1 $aGuimarães,$bRui,$f1963-$3285543 710 02 $aFundação da Juventude$3189243 801 #0 $aPT$bBN$gRPC 966 ## $lBN$mICONOG$sCT. 25670 A.$x3 971 ## $cCaticonografia9$d20260320 995 ## $aPRR2026
Etiqueta de registo: 00000nkm 2200025 450 001 2266553 003 http://id.bnportugal.gov.pt/bib/catbnp/2266553 100 ## $a20260213d1993 m y0pory01030103ba 101 0# $apor 102 ## $aPT 200 1# $aV Concurso europeu para jovens cientistas, IV concurso europeu para jovens investigadores
na área do ambiente, 1993, Fundação da Juventude$bVisual gráfico]$fFundação da Juventude$gdesign Rui Guimarães 210 #9 $a[Porto]$cFundação da Juventude,$d1993 215 ## $a1 cartaz$ccolor.$d68x47,8 cm 317 ## $aColeção Madeira Luís 675 ## $a766(=1:469)"1993"(084.5)$vBN$zpor$31980825 710 01 $aConcurso Europeu para Jovens Cientistas,$d5,$f1993$31993719 711 01 $aConcurso Europeu para Jovens Investigadores na Área do Ambiente,$d4,$f1993$31993720 712 02 $aFundação da Juventude$3189243 801 #0 $aPT$bBN$gRPC 966 ## $lBN$mICONOG$sCT. 20970 A.$x3 971 ## $cCaticonografia6$d20260213 995 ## $aPRR2026 $d20260213$iCaticonografia6
|
|
|